| 000 | 01103 a2200217 4500 | ||
|---|---|---|---|
| 003 | Nust | ||
| 005 | 20220729110846.0 | ||
| 010 | _a 96012818 | ||
| 020 | _a0805377360 | ||
| 040 | _cNust | ||
| 082 | 0 | 0 | _a004.6,STA |
| 100 | 1 |
_aStamper, David A. _974411 |
|
| 245 | 1 | 0 |
_aEssentials of data communications / _cDavid A. Stamper and the Saratoga Group. |
| 260 |
_aMenlo Park, Calif. : _bBenjamin/Cummings, _cc1997. |
||
| 300 |
_axviii, 366 p. : _bill. ; _c25 cm. + _e1 computer disk (3 1/2 in.) |
||
| 505 | _aIntroduction to Data Communications (Page-1), Media and Transmission (Page-29), Introduction to Networks (Page-71), LAN Hardware, Topologies and Media Access Control (Page-89), LAN Systems Software and LAN Considerations (Page-129), WAN Hardware and Data Link Control (Page-163), WAN Systems Software and Wan Implementations (Page -191), Network Management (Page-263) Security, Network Applications, and Distributed Systems (Page-295). | ||
| 650 | 0 |
_aComputer networks. _93677 |
|
| 650 | 0 |
_aData transmission systems. _917977 |
|
| 710 | 2 |
_aSaratoga Group. _995757 |
|
| 942 |
_2ddc _cBK _k004.6,STA |
||
| 999 |
_c176369 _d176369 |
||